Kluby Premier League 24/25 - Statystyki

Ogólne statystyki
  • Ten quiz został rozwiązany 24 razy
  • Średni wynik to 3 z 20
Statystyki odpowiedzi
Kluby % Poprawnych
Manchester City
82%
Arsenal
50%
Liverpool
41%
Aston Villa
23%
Chelsea
14%
Leicester City
14%
Southampton
14%
Tottenham
14%
Brentford
9%
Brighton
9%
Crystal Palace
9%
Everton
9%
Fulham
9%
Ipswich town
9%
Manchester United
9%
Newcastle
9%
Nottingham Forest
9%
West Ham
9%
Bournemouth
5%
Volverhampton
0%
Nie znaleziono quizów pasujących do podanych kryteriów
Rozkład punktacji
Procent ludzi z każdym wynikiem
Percentyl według liczby udzielonych odpowiedzi
Twoja historia wyników
Nie rozwiązałeś tego quizu